[Event "Aegean op 34th"]
[Site "Aghios Kirykos"]
[Date "2011.07.13"]
[Round "6"]
[White "Middelhoven, Huib"]
[Black "Maroulakos, Stavros"]
[Result "1/2-1/2"]
[WhiteElo "1984"]
[BlackElo "1791"]
[PlyCount "99"]
[EventDate "2011.07.09"]
[EventType "swiss"]
[EventRounds "9"]
[EventCountry "GRE"]
[SourceTitle "CBM 143 Extra"]
[Source "ChessBase"]
[SourceDate "2011.08.29"]
[SourceVersion "1"]
[SourceVersionDate "2011.08.29"]
[SourceQuality "1"]

1. e4 d5 2. exd5 Qxd5 3. Nc3 Qa5 4. d4 c6 5. Bc4 Nf6 6. Bd2 Qb6 7. Nf3 Bg4 8. Bxf7+ Kxf7 9. Ne5+ Ke8 10. Nxg4 Qxd4 11. Nxf6+ exf6 12. 0-0 Kf7 13. Re1 Nd7 14. Qe2 Ne5 15. Rad1 Bb4 16. Ne4 Be7 17. Bc3 Qc4 18. Ng5+ Kf8 19. Qxc4 Nxc4 20. Ne6+ Kf7 21. Nxg7 Rad8 22. Nf5 Rxd1 23. Rxd1 Rd8 24. Rxd8 Bxd8 25. b3 Kg6 26. Ne3 Nxe3 27. fxe3 Kf5 28. Kf2 Ke4 29. g4 Be7 30. Ke2 b5 31. b4 a6 32. h3 Bd8 33. Bd4 Be7 34. c3 Bd8 35. Bc5 a5 36. a3 a4 37. Bd4 Be7 38. Bb6 Bf8 39. h4 Be7 40. Bd4 Bd8 41. Bc5 Bc7 42. Be7 Be5 43. Kd2 Kf3 44. g5 fxg5 45. hxg5 Ke4 46. Bf6 Bc7 47. Ke2 Bb6 48. Bd4 Bd8 49. Bf6 Bb6 50. Bd4 1/2-1/2

[Event "Athens Smaok op"]
[Site "Athens"]
[Date "2010.10.07"]
[Round "2.6"]
[White "Anairousis, Panagiotis"]
[Black "Maroulakos, Stavros"]
[Result "1-0"]
[WhiteElo "2036"]
[BlackElo "1755"]
[PlyCount "75"]
[EventDate "2010.09.30"]
[EventType "swiss"]
[EventRounds "7"]
[EventCountry "GRE"]
[SourceTitle "EXT 2024"]
[Source "ChessBase"]
[SourceDate "2023.10.10"]
[SourceVersion "1"]
[SourceVersionDate "2023.10.10"]
[SourceQuality "1"]

1. e4 e5 2. Nc3 Nf6 3. g3 d5 4. Bg2 d4 5. Nb1 Nc6 6. d3 Bd6 7. Ne2 0-0 8. h3 Be6 9. 0-0 Qd7 10. Kh2 Ne8 11. Nd2 f5 12. exf5 Rxf5 13. Ne4 Be7 14. g4 Rf8 15. N2g3 Nf6 16. a3 Nd5 17. Ng5 Bxg5 18. Bxg5 Nf4 19. Be4 h6 20. Bxf4 Rxf4 21. Nh5 Rff8 22. Kg2 Ne7 23. Qd2 Nd5 24. Bxd5 Bxd5+ 25. f3 Rf7 26. Rf2 Raf8 27. Raf1 Qe7 28. Ng3 Rf4 29. Ne2 Qh4 30. Ng3 g6 31. c4 dxc3 32. Qxc3 Qf6 33. Ne4 Bxe4 34. dxe4 h5 35. Qxc7 hxg4 36. hxg4 Qh4 37. Qxe5 R8f7 38. Qe6 1-0

[Event "Athens Smaok-ch"]
[Site "Athens"]
[Date "2007.09.26"]
[Round "3.9"]
[White "Feidakis, Andreas"]
[Black "Maroulakos, Stavros"]
[Result "1-0"]
[WhiteElo "1635"]
[BlackElo "1500"]
[PlyCount "107"]
[EventDate "2007.09.12"]
[EventType "swiss"]
[EventRounds "9"]
[EventCountry "GRE"]
[SourceTitle "EXT 2024"]
[Source "ChessBase"]
[SourceDate "2023.10.10"]
[SourceVersion "1"]
[SourceVersionDate "2023.10.10"]
[SourceQuality "1"]

1. d4 Nf6 2. Nf3 g6 3. Bg5 Bg7 4. e3 c5 5. c3 cxd4 6. exd4 h6 7. Bh4 d6 8. Bd3 Nc6 9. Nbd2 0-0 10. 0-0 Nh5 11. Re1 Nf4 12. Bc2 Bg4 13. h3 Bh5 14. Qc1 g5 15. Bg3 e5 16. dxe5 dxe5 17. Be4 f5 18. Bxc6 Nd3 19. Qc2 Nxe1 20. Rxe1 bxc6 21. Bxe5 Bxe5 22. Nxe5 Qd5 23. Ndc4 Rae8 24. Qa4 Re7 25. Re3 f4 26. Rd3 Qe4 27. Nxc6 Rc7 28. N6e5 Be8 29. Qa6 Re7 30. Qd6 Qh7 31. Rd4 Qg7 32. a3 Rf6 33. Qb8 Rfe6 34. Nf3 Kh7 35. Nd6 Bg6 36. Nc4 Re4 37. Ncd2 Rxd4 38. Nxd4 Rb7 39. Qd6 Rxb2 40. Nc4 Rb1+ 41. Kh2 Qb7 42. Ne5 Rb6 43. Qf8 Qc7 44. Ng4 Qd6 45. Qxh6+ Kg8 46. Qxg5 f3+ 47. g3 Qf8 48. Ne5 Qf6 49. Qe3 Qe7 50. Qf4 Rf6 51. Qg5 Qg7 52. Ng4 Rd6 53. Qc5 Qd7 54. Qe5 1-0